| 000 | 00542nam a2200181 4500 | ||
|---|---|---|---|
| 001 | 120833 | ||
| 003 | ES-MaACL | ||
| 007 | t| | ||
| 008 | 070214s1948 mx r ||||1| spa d | ||
| 100 | 1 |
_aPrat, Ferdinand. _993661 |
|
| 245 | 1 | 0 |
_aJesucristo _b: su vida, su doctrina, su obra... / _cFerdinand Prat ; traducción de Salvador Abascal. |
| 250 | _a2ª ed. rev. | ||
| 260 |
_aMéxico : _bJus, _c1948. |
||
| 300 |
_a2 t. ; _c23 cm. |
||
| 700 | 0 |
_aAbascal, Salvador, _917977 |
|
| 852 |
_aES-MaACL _jB-2292-93 _bR.28506 |
||
| 999 |
_c120833 _d120833 |
||